| 000 | 00619nam a2200229 a 4500 | ||
|---|---|---|---|
| 001 | 518664 | ||
| 005 | 20180104081509.0 | ||
| 008 | 860430s1986 wiua b 001 0 eng | ||
| 010 | _a 86061308 | ||
| 020 | _a0937373001 (pbk.) | ||
| 040 |
_aDLC _cDLC _dDLC |
||
| 041 | _aeng | ||
| 043 | _an-us--- | ||
| 080 | _a361.30 | ||
| 082 | 0 | 0 |
_a361.30 HEU _219 |
| 100 | 1 | _a21 | |
| 101 | _aGJL | ||
| 245 | 1 | 4 |
_aThe creative generalist : _cMichael Heus & Allen Pincus. |
| 504 | _aBibliography: p. [451]-456. | ||
| 906 |
_a7 _bcbc _corignew _d3 _eopcn _f19 _gy-gencatlg |
||
| 942 |
_2ddc _cBK |
||
| 999 |
_c39747 _d39747 |
||